| 000 | 00470 a2200169 4500 | ||
|---|---|---|---|
| 003 | OSt | ||
| 005 | 20231229100938.0 | ||
| 008 | 231229b |||||||| |||| 00| 0 eng d | ||
| 020 | _a9789390678839 | ||
| 040 | _coclc | ||
| 082 |
_a891.432 _bPRA/H |
||
| 100 |
_aPrakash, Uday _910171 |
||
| 245 |
_aHIGHWAY 39 / _cUday Prakash |
||
| 260 |
_aNew Delhi: _bVani Prakashan, _c2021. |
||
| 300 | _a136p | ||
| 942 |
_2ddc _cBK _h891.432 _iPRA/H _k891.432 _mPRA/H |
||
| 999 |
_c43604 _d43604 |
||